000 00535nam a2200181Ia 4500
999 _c31090
_d31090
003 OSt
005 20200728125430.0
008 190216s9999||||xx |||||||||||||| ||und||
020 _a9780070991484
040 _coclc
082 _a515.076
_bMEN/S
100 _aMendelson, Elliott
_93825
245 0 _aSchaum`s 3000 Solved Problems In Calculus /
_cElliott Mendelson
260 _bMcgraw -hill,
_c1988.
_aNew York:
300 _a442p
650 _aMathematics
942 _cBK
_2ddc
_h515.076
_iMEN/S
_k515.076
_mMEN/S